[Event "Llinars del Valles op 1st"]
[Site "Llinars del Valles"]
[Date "2021.06.29"]
[Round "5"]
[White "Sans Piera, Marti"]
[Black "Montero Olmos, Javier"]
[Result "0-1"]
[WhiteElo "1770"]
[BlackElo "1497"]
[PlyCount "68"]
[EventDate "2021.06.25"]
[EventType "swiss"]
[EventRounds "9"]
[EventCountry "ESP"]
[SourceTitle "CBM 203 Extra"]
[Source "ChessBase"]
[SourceDate "2021.09.30"]
[SourceVersion "1"]
[SourceVersionDate "2021.09.30"]
[SourceQuality "1"]

1. e4 c6 2. Nc3 d5 3. Nf3 Bg4 4. h3 Bxf3 5. Qxf3 Nf6 6. d3 e6 7. g3 Bd6 8. Bg2 Nbd7 9. 0-0 0-0 10. Re1 d4 11. Nb1 e5 12. g4 c5 13. h4 Rc8 14. Nd2 Ne8 15. Bh3 Qxh4 16. Kh2 Rc6 17. Nf1 Be7 18. Ng3 g6 19. Rg1 Kh8 20. Rh1 Bg5 21. Kg1 Rf6 22. Bxg5 Qxg5 23. Qe2 Rf4 24. f3 f5 25. exf5 gxf5 26. Rf1 Nef6 27. Qh2 e4 28. dxe4 fxe4 29. fxe4 Rxf1+ 30. Nxf1 Nxe4 31. Bg2 Rxf1+ 32. Bxf1 Qe3+ 33. Kg2 Qf2+ 34. Kh3 Ng5# 0-1

[Event "Llinars del Valles op 1st"]
[Site "Llinars del Valles"]
[Date "2021.06.28"]
[Round "4"]
[White "Bibilashvili, Lali"]
[Black "Sans Piera, Marti"]
[Result "1-0"]
[WhiteElo "1869"]
[BlackElo "1770"]
[PlyCount "79"]
[EventDate "2021.06.25"]
[EventType "swiss"]
[EventRounds "9"]
[EventCountry "ESP"]
[SourceTitle "CBM 203 Extra"]
[Source "ChessBase"]
[SourceDate "2021.09.30"]
[SourceVersion "1"]
[SourceVersionDate "2021.09.30"]
[SourceQuality "1"]

1. c4 c5 2. Nc3 Nc6 3. g3 g6 4. Bg2 Bg7 5. e3 d6 6. Nge2 Nf6 7. 0-0 0-0 8. h3 Rb8 9. d4 cxd4 10. exd4 Bd7 11. Be3 a6 12. Qd2 b5 13. cxb5 axb5 14. Rfc1 Qa5 15. Bh6 Bxh6 16. Qxh6 b4 17. Nd1 Qb5 18. Qd2 Rfc8 19. b3 Bf5 20. d5 Ne5 21. Nd4 Qd3 22. Qxd3 Nxd3 23. Rxc8+ Rxc8 24. Nc6 Kf8 25. Ne3 Be4 26. Bxe4 Nxe4 27. Nc2 Nexf2 28. N2xb4 Nxh3+ 29. Kg2 Nxb4 30. Nxb4 Ng5 31. Nc6 e6 32. b4 Ne4 33. b5 exd5 34. a4 Nc3 35. Ra3 d4 36. Nxd4 Rc4 37. a5 Rxd4 38. Rxc3 Ra4 39. b6 Rb4 40. a6 1-0

[Event "Roncana op-A 13th"]
[Site "Santa Eulalia de Roncana"]
[Date "2019.11.09"]
[Round "6"]
[White "Fernandez Herrera, Aleix"]
[Black "Sans Piera, Marti"]
[Result "0-1"]
[WhiteElo "1601"]
[BlackElo "1653"]
[PlyCount "84"]
[EventDate "2019.09.28"]
[EventType "swiss"]
[EventRounds "8"]
[EventCountry "ESP"]
[SourceTitle "CBM 193 Extra"]
[Source "ChessBase"]
[SourceDate "2020.01.31"]
[SourceVersion "1"]
[SourceVersionDate "2020.01.31"]
[SourceQuality "1"]

1. e4 c5 2. Nc3 e6 3. Bc4 a6 4. d3 b5 5. Bb3 Nc6 6. Nf3 Qc7 7. Be3 Nf6 8. h3 Be7 9. 0-0 Bb7 10. Qd2 d6 11. Rab1 0-0 12. Nh2 Na5 13. Bg5 Rad8 14. Bxf6 Bxf6 15. Ng4 Be7 16. Rbe1 c4 17. dxc4 Nxc4 18. Bxc4 Qxc4 19. f4 Bh4 20. Re2 b4 21. Nd1 Bxe4 22. Nde3 Qc5 23. Kh2 Bc6 24. g3 Be7 25. f5 f6 26. Rf4 e5 27. Rxb4 d5 28. Rb3 d4 29. Ng2 Bd5 30. Ra3 Qb5 31. Ra5 Qxb2 32. a3 Bxa3 33. Rxa6 Bc4 34. Rxa3 Qxa3 35. Re4 Bd5 36. Nxf6+ Rxf6 37. Rxe5 Bxg2 38. Kxg2 Qd6 39. Re4 Qd5 40. Qd3 Rxf5 41. Kg1 Re5 42. Rh4 h6 0-1